00447nam a22001457a 4500003000500000038001800005082000800023100001900031245006500050264003500115300002400150650002600174700004400200856005700244NUST aNusrat Nadeem a200 aKabir, Summiya aPatent Semantic Annotation for Practitioners/cSummiya Kabir aIslamabad,bSEECS NUST,c2023. aill:b70,p:c30,cm. aMS- Computer Science  aSupervisor: Dr. Muhammad Khuram Shahzad uhttp://10.250.8.41:8080/xmlui/handle/123456789/37539